| 000 | 00678nam a22002057a 4500 | ||
|---|---|---|---|
| 003 | SISC | ||
| 005 | 20170123150606.0 | ||
| 008 | 140109b xxu||||| |||| 00| 0 eng d | ||
| 020 | _a9781118444269 | ||
| 050 |
_aHD 57.7 _b.Sa225 2013 |
||
| 100 | _aSaadasaar, Shalom. | ||
| 245 |
_aLeading with conviction : _bmastering the nine critical pillars of integrated leadership / _cShalom Saada Saar with Michael J. Hargrove. |
||
| 260 |
_aSan Francisco, LA : _bJossey-Bass, _c2013. |
||
| 300 |
_axxxiii, 253 pages ; _c24 cm. |
||
| 504 | _aIncludes index. | ||
| 650 | _aLeadership. | ||
| 650 |
_aBUSINESS & ECONOMICS _xLeadership. |
||
| 942 |
_2lcc _cBK _kFOR |
||
| 999 |
_c25974 _d25974 |
||